<?xml version="1.0" encoding="UTF-8"?>
<collection xmlns="http://www.loc.gov/MARC21/slim">
<record>
  <controlfield tag="001">441743</controlfield>
  <controlfield tag="003">SzGeCERN</controlfield>
  <controlfield tag="005">20090916155437.0</controlfield>
  <datafield tag="041" ind1=" " ind2=" ">
    <subfield code="a">eng</subfield>
  </datafield>
  <datafield tag="044" ind1=" " ind2=" ">
    <subfield code="a">in</subfield>
  </datafield>
  <datafield tag="080" ind1=" " ind2=" ">
    <subfield code="a">539.1(06)</subfield>
  </datafield>
  <datafield tag="210" ind1=" " ind2=" ">
    <subfield code="a">BARC Newsl.</subfield>
  </datafield>
  <datafield tag="222" ind1=" " ind2=" ">
    <subfield code="a">BARC Newsletter</subfield>
  </datafield>
  <datafield tag="245" ind1=" " ind2=" ">
    <subfield code="a">BARC Newsletter</subfield>
  </datafield>
  <datafield tag="310" ind1=" " ind2=" ">
    <subfield code="a">monthly</subfield>
  </datafield>
  <datafield tag="340" ind1=" " ind2=" ">
    <subfield code="a">Online</subfield>
  </datafield>
  <datafield tag="650" ind1="1" ind2="7">
    <subfield code="2">SzGeCERN</subfield>
    <subfield code="a">Nuclear Physics</subfield>
  </datafield>
  <datafield tag="856" ind1="4" ind2="1">
    <subfield code="3">Nov (1999) -</subfield>
    <subfield code="g">current</subfield>
    <subfield code="m">Internet</subfield>
    <subfield code="u">http://www.barc.ernet.in</subfield>
    <subfield code="x">6</subfield>
    <subfield code="y">Electronic version</subfield>
  </datafield>
  <datafield tag="933" ind1=" " ind2=" ">
    <subfield code="a">Mumbai</subfield>
    <subfield code="b">Bhabha Atomic Research Centre</subfield>
  </datafield>
  <datafield tag="935" ind1=" " ind2=" ">
    <subfield code="a">Web page title: IEEE intelligent systems. This is also the continuation title, but each one has a different URL</subfield>
  </datafield>
  <datafield tag="938" ind1=" " ind2=" ">
    <subfield code="a">12</subfield>
    <subfield code="p">c</subfield>
  </datafield>
  <datafield tag="960" ind1=" " ind2=" ">
    <subfield code="a">34</subfield>
  </datafield>
  <datafield tag="961" ind1=" " ind2=" ">
    <subfield code="c">20091016</subfield>
    <subfield code="h">1127</subfield>
    <subfield code="l">CER01</subfield>
    <subfield code="x">20000613</subfield>
  </datafield>
  <datafield tag="963" ind1=" " ind2=" ">
    <subfield code="a">PERI</subfield>
  </datafield>
  <datafield tag="970" ind1=" " ind2=" ">
    <subfield code="a">002191863CER</subfield>
  </datafield>
  <datafield tag="980" ind1=" " ind2=" ">
    <subfield code="a">PERIDUMP</subfield>
  </datafield>
</record>
<record>
  <controlfield tag="001">345879</controlfield>
  <controlfield tag="003">SzGeCERN</controlfield>
  <controlfield tag="005">20110217143622.0</controlfield>
  <datafield tag="022" ind1=" " ind2=" ">
    <subfield code="a">1431-601X</subfield>
    <subfield code="b">online</subfield>
  </datafield>
  <datafield tag="041" ind1=" " ind2=" ">
    <subfield code="a">eng</subfield>
  </datafield>
  <datafield tag="044" ind1=" " ind2=" ">
    <subfield code="a">de</subfield>
  </datafield>
  <datafield tag="080" ind1=" " ind2=" ">
    <subfield code="a">53</subfield>
  </datafield>
  <datafield tag="210" ind1=" " ind2=" ">
    <subfield code="a">Eur. Phys. J. A</subfield>
  </datafield>
  <datafield tag="210" ind1=" " ind2=" ">
    <subfield code="9">Eur. Phys. J., A</subfield>
  </datafield>
  <datafield tag="222" ind1=" " ind2=" ">
    <subfield code="a">European physical journal A. Hadrons and nuclei</subfield>
  </datafield>
  <datafield tag="245" ind1=" " ind2=" ">
    <subfield code="a">European physical journal A</subfield>
    <subfield code="b">Hadrons and nuclei</subfield>
  </datafield>
  <datafield tag="246" ind1=" " ind2="3">
    <subfield code="a">Hadrons and nuclei</subfield>
    <subfield code="i">Cross Ref.</subfield>
  </datafield>
  <datafield tag="246" ind1=" " ind2="3">
    <subfield code="9">sigle</subfield>
    <subfield code="a">EPJ A</subfield>
    <subfield code="i">Cross Ref.</subfield>
  </datafield>
  <datafield tag="310" ind1=" " ind2=" ">
    <subfield code="a">monthly</subfield>
  </datafield>
  <datafield tag="340" ind1=" " ind2=" ">
    <subfield code="a">Online</subfield>
  </datafield>
  <datafield tag="650" ind1="1" ind2="7">
    <subfield code="2">SzGeCERN</subfield>
    <subfield code="a">Nuclear Physics</subfield>
  </datafield>
  <datafield tag="653" ind1="1" ind2=" ">
    <subfield code="9">CERN</subfield>
    <subfield code="a">Societa Italiana di Fisica</subfield>
  </datafield>
  <datafield tag="780" ind1=" " ind2=" ">
    <subfield code="i">Formed by the merger of</subfield>
    <subfield code="t">Nuovo cimento, A and: Zeitschrift für Physik, A</subfield>
    <subfield code="w">000143918 : 000144207</subfield>
  </datafield>
  <datafield tag="856" ind1="4" ind2="1">
    <subfield code="3">v 1 (1998) -</subfield>
    <subfield code="g">current</subfield>
    <subfield code="m">Intranet</subfield>
    <subfield code="u">http://www.springerlink.com/openurl.asp?genre=journal&amp;eissn=1434-601X</subfield>
    <subfield code="x">1</subfield>
    <subfield code="y">Electronic version</subfield>
  </datafield>
  <datafield tag="933" ind1=" " ind2=" ">
    <subfield code="a">Berlin</subfield>
    <subfield code="b">Springer</subfield>
  </datafield>
  <datafield tag="936" ind1=" " ind2=" ">
    <subfield code="a">Complementary title: EPJ direct, section A [Online]</subfield>
  </datafield>
  <datafield tag="938" ind1=" " ind2=" ">
    <subfield code="a">12</subfield>
    <subfield code="f">2.015</subfield>
    <subfield code="p">c</subfield>
  </datafield>
  <datafield tag="939" ind1=" " ind2=" ">
    <subfield code="a">3333</subfield>
    <subfield code="d">http://crossref.org/openurl?issn=1434601X&amp;pid=ourl_cern7lib:cross5Ref</subfield>
    <subfield code="u">http://link.springer.de/link/service/journals/10050/tocs.htm</subfield>
    <subfield code="v">1</subfield>
  </datafield>
  <datafield tag="960" ind1=" " ind2=" ">
    <subfield code="a">34</subfield>
  </datafield>
  <datafield tag="961" ind1=" " ind2=" ">
    <subfield code="c">20110217</subfield>
    <subfield code="h">1436</subfield>
    <subfield code="l">CER01</subfield>
    <subfield code="x">19980217</subfield>
  </datafield>
  <datafield tag="963" ind1=" " ind2=" ">
    <subfield code="a">PERI</subfield>
  </datafield>
  <datafield tag="970" ind1=" " ind2=" ">
    <subfield code="a">000270058CER</subfield>
  </datafield>
  <datafield tag="980" ind1=" " ind2=" ">
    <subfield code="a">PERIDUMP</subfield>
  </datafield>
</record>
<record>
  <controlfield tag="001">362570</controlfield>
  <controlfield tag="003">SzGeCERN</controlfield>
  <controlfield tag="005">20210425183101.0</controlfield>
  <datafield tag="041" ind1=" " ind2=" ">
    <subfield code="a">eng</subfield>
  </datafield>
  <datafield tag="044" ind1=" " ind2=" ">
    <subfield code="a">fr</subfield>
  </datafield>
  <datafield tag="080" ind1=" " ind2=" ">
    <subfield code="a">621.039</subfield>
  </datafield>
  <datafield tag="210" ind1=" " ind2=" ">
    <subfield code="a">ILL News Reactor Users</subfield>
  </datafield>
  <datafield tag="222" ind1=" " ind2=" ">
    <subfield code="a">ILL news for reactor users</subfield>
  </datafield>
  <datafield tag="245" ind1=" " ind2=" ">
    <subfield code="a">ILL news for reactor users</subfield>
  </datafield>
  <datafield tag="246" ind1=" " ind2="3">
    <subfield code="a">Institut Laue-Langevin news</subfield>
    <subfield code="i">Cross Ref.</subfield>
  </datafield>
  <datafield tag="310" ind1=" " ind2=" ">
    <subfield code="a">unknown</subfield>
  </datafield>
  <datafield tag="340" ind1=" " ind2=" ">
    <subfield code="a">Online</subfield>
  </datafield>
  <datafield tag="650" ind1="1" ind2="7">
    <subfield code="2">SzGeCERN</subfield>
    <subfield code="a">Nuclear Physics</subfield>
  </datafield>
  <datafield tag="690" ind1="C" ind2=" ">
    <subfield code="a">PERI</subfield>
  </datafield>
  <datafield tag="856" ind1="4" ind2="1">
    <subfield code="3">no 27 (1997) -</subfield>
    <subfield code="g">current</subfield>
    <subfield code="m">Internet</subfield>
    <subfield code="n">other</subfield>
    <subfield code="u">http://www.ill.eu/top-links/publications/ill-news/</subfield>
    <subfield code="x">9</subfield>
    <subfield code="y">Electronic version</subfield>
  </datafield>
  <datafield tag="933" ind1=" " ind2=" ">
    <subfield code="a">Grenoble</subfield>
    <subfield code="b">Institut Laue-Langevin</subfield>
  </datafield>
  <datafield tag="935" ind1=" " ind2=" ">
    <subfield code="a">Supplements no.1 and no.2 available online in PDF</subfield>
  </datafield>
  <datafield tag="938" ind1=" " ind2=" ">
    <subfield code="a">00</subfield>
    <subfield code="p">c</subfield>
  </datafield>
  <datafield tag="960" ind1=" " ind2=" ">
    <subfield code="a">31</subfield>
  </datafield>
  <datafield tag="961" ind1=" " ind2=" ">
    <subfield code="c">20091016</subfield>
    <subfield code="h">1738</subfield>
    <subfield code="l">CER01</subfield>
    <subfield code="x">19980819</subfield>
  </datafield>
  <datafield tag="963" ind1=" " ind2=" ">
    <subfield code="a">PERI</subfield>
  </datafield>
  <datafield tag="970" ind1=" " ind2=" ">
    <subfield code="a">000287436CER</subfield>
  </datafield>
  <datafield tag="970" ind1=" " ind2=" ">
    <subfield code="d">https://catalogue.library.cern/legacy/362570</subfield>
  </datafield>
  <datafield tag="980" ind1=" " ind2=" ">
    <subfield code="a">PERI</subfield>
  </datafield>
  <datafield tag="980" ind1=" " ind2=" ">
    <subfield code="c">MIGRATED</subfield>
  </datafield>
</record>
<record>
  <controlfield tag="001">539651</controlfield>
  <controlfield tag="003">SzGeCERN</controlfield>
  <controlfield tag="005">20091112144403.0</controlfield>
  <datafield tag="022" ind1=" " ind2=" ">
    <subfield code="a">0218-3013</subfield>
    <subfield code="b">online</subfield>
  </datafield>
  <datafield tag="030" ind1=" " ind2=" ">
    <subfield code="9">ICS</subfield>
    <subfield code="a">IMPEER</subfield>
  </datafield>
  <datafield tag="041" ind1=" " ind2=" ">
    <subfield code="a">eng</subfield>
  </datafield>
  <datafield tag="044" ind1=" " ind2=" ">
    <subfield code="a">sg</subfield>
  </datafield>
  <datafield tag="080" ind1=" " ind2=" ">
    <subfield code="a">539.1</subfield>
  </datafield>
  <datafield tag="210" ind1=" " ind2=" ">
    <subfield code="a">Int. J. Mod. Phys. E</subfield>
  </datafield>
  <datafield tag="222" ind1=" " ind2=" ">
    <subfield code="a">International journal of modern physics, E. Nuclear physics</subfield>
  </datafield>
  <datafield tag="245" ind1=" " ind2=" ">
    <subfield code="a">International journal of modern physics, E</subfield>
    <subfield code="b">Nuclear physics</subfield>
  </datafield>
  <datafield tag="246" ind1=" " ind2="3">
    <subfield code="9">sigle</subfield>
    <subfield code="a">IJMPE</subfield>
    <subfield code="i">Cross Ref.</subfield>
  </datafield>
  <datafield tag="310" ind1=" " ind2=" ">
    <subfield code="a">unknown</subfield>
  </datafield>
  <datafield tag="340" ind1=" " ind2=" ">
    <subfield code="a">Online</subfield>
  </datafield>
  <datafield tag="650" ind1="1" ind2="7">
    <subfield code="2">SzGeCERN</subfield>
    <subfield code="a">Nuclear Physics</subfield>
  </datafield>
  <datafield tag="653" ind1="1" ind2=" ">
    <subfield code="9">CERN</subfield>
    <subfield code="a">WSPC</subfield>
  </datafield>
  <datafield tag="856" ind1="4" ind2="1">
    <subfield code="3">v 1 (1992) -</subfield>
    <subfield code="g">current</subfield>
    <subfield code="m">Intranet</subfield>
    <subfield code="u">http://ejournals.wspc.com.sg/journals/ijmpe/mkt/archive.shtml</subfield>
    <subfield code="x">7</subfield>
    <subfield code="y">Electronic version</subfield>
  </datafield>
  <datafield tag="933" ind1=" " ind2=" ">
    <subfield code="a">Singapore</subfield>
    <subfield code="b">World Scientific</subfield>
  </datafield>
  <datafield tag="938" ind1=" " ind2=" ">
    <subfield code="a">06</subfield>
    <subfield code="f">0.492</subfield>
    <subfield code="p">c</subfield>
  </datafield>
  <datafield tag="960" ind1=" " ind2=" ">
    <subfield code="a">34</subfield>
  </datafield>
  <datafield tag="961" ind1=" " ind2=" ">
    <subfield code="c">20091112</subfield>
    <subfield code="h">1444</subfield>
    <subfield code="l">CER01</subfield>
    <subfield code="x">20020227</subfield>
  </datafield>
  <datafield tag="963" ind1=" " ind2=" ">
    <subfield code="a">PERI</subfield>
  </datafield>
  <datafield tag="970" ind1=" " ind2=" ">
    <subfield code="a">002296793CER</subfield>
  </datafield>
  <datafield tag="980" ind1=" " ind2=" ">
    <subfield code="a">PERIDUMP</subfield>
  </datafield>
</record>
<record>
  <controlfield tag="001">440108</controlfield>
  <controlfield tag="003">SzGeCERN</controlfield>
  <controlfield tag="005">20210425182823.0</controlfield>
  <datafield tag="041" ind1=" " ind2=" ">
    <subfield code="a">eng</subfield>
  </datafield>
  <datafield tag="044" ind1=" " ind2=" ">
    <subfield code="a">jp</subfield>
  </datafield>
  <datafield tag="080" ind1=" " ind2=" ">
    <subfield code="a">539.1(06)</subfield>
  </datafield>
  <datafield tag="210" ind1=" " ind2=" ">
    <subfield code="a">JAERI News</subfield>
  </datafield>
  <datafield tag="222" ind1=" " ind2=" ">
    <subfield code="a">JAERI news</subfield>
  </datafield>
  <datafield tag="245" ind1=" " ind2=" ">
    <subfield code="a">JAERI news</subfield>
  </datafield>
  <datafield tag="310" ind1=" " ind2=" ">
    <subfield code="a">unknown</subfield>
  </datafield>
  <datafield tag="340" ind1=" " ind2=" ">
    <subfield code="a">Online</subfield>
  </datafield>
  <datafield tag="650" ind1="1" ind2="7">
    <subfield code="2">SzGeCERN</subfield>
    <subfield code="a">Nuclear Physics</subfield>
  </datafield>
  <datafield tag="690" ind1="C" ind2=" ">
    <subfield code="a">PERI</subfield>
  </datafield>
  <datafield tag="856" ind1="4" ind2="1">
    <subfield code="3">v 43 (1999) - v 63 (2005)</subfield>
    <subfield code="g">ended</subfield>
    <subfield code="m">Internet</subfield>
    <subfield code="n">other</subfield>
    <subfield code="u">http://www.jaea.go.jp/jaeri/english/index.html</subfield>
    <subfield code="x">6</subfield>
    <subfield code="y">Electronic version</subfield>
    <subfield code="z">Click on JAERI NEWS link</subfield>
  </datafield>
  <datafield tag="933" ind1=" " ind2=" ">
    <subfield code="a">Tokyo</subfield>
    <subfield code="b">Japan Atomic Energy Research Institute</subfield>
  </datafield>
  <datafield tag="938" ind1=" " ind2=" ">
    <subfield code="a">00</subfield>
    <subfield code="p">e</subfield>
  </datafield>
  <datafield tag="960" ind1=" " ind2=" ">
    <subfield code="a">31</subfield>
  </datafield>
  <datafield tag="961" ind1=" " ind2=" ">
    <subfield code="c">20091016</subfield>
    <subfield code="h">1738</subfield>
    <subfield code="l">CER01</subfield>
    <subfield code="x">20000530</subfield>
  </datafield>
  <datafield tag="963" ind1=" " ind2=" ">
    <subfield code="a">PERI</subfield>
  </datafield>
  <datafield tag="970" ind1=" " ind2=" ">
    <subfield code="a">002190046CER</subfield>
  </datafield>
  <datafield tag="970" ind1=" " ind2=" ">
    <subfield code="d">https://catalogue.library.cern/legacy/440108</subfield>
  </datafield>
  <datafield tag="980" ind1=" " ind2=" ">
    <subfield code="a">PERI</subfield>
  </datafield>
  <datafield tag="980" ind1=" " ind2=" ">
    <subfield code="c">MIGRATED</subfield>
  </datafield>
</record>
<record>
  <controlfield tag="001">344612</controlfield>
  <controlfield tag="003">SzGeCERN</controlfield>
  <controlfield tag="005">20050419120403.0</controlfield>
  <datafield tag="041" ind1=" " ind2=" ">
    <subfield code="a">eng</subfield>
  </datafield>
  <datafield tag="044" ind1=" " ind2=" ">
    <subfield code="a">us</subfield>
  </datafield>
  <datafield tag="080" ind1=" " ind2=" ">
    <subfield code="a">539.1(06)</subfield>
  </datafield>
  <datafield tag="210" ind1=" " ind2=" ">
    <subfield code="a">NNDC Newsl. [Online]</subfield>
  </datafield>
  <datafield tag="222" ind1=" " ind2=" ">
    <subfield code="a">NNDC newsletter [Online version]</subfield>
  </datafield>
  <datafield tag="245" ind1=" " ind2=" ">
    <subfield code="a">NNDC newsletter [Online version]</subfield>
  </datafield>
  <datafield tag="246" ind1=" " ind2="3">
    <subfield code="a">National Nuclear Data Center newsletter [Online]</subfield>
    <subfield code="i">Cross Ref.</subfield>
  </datafield>
  <datafield tag="310" ind1=" " ind2=" ">
    <subfield code="a">unknown</subfield>
  </datafield>
  <datafield tag="340" ind1=" " ind2=" ">
    <subfield code="a">Internet</subfield>
  </datafield>
  <datafield tag="650" ind1="1" ind2="7">
    <subfield code="2">SzGeCERN</subfield>
    <subfield code="a">Nuclear Physics</subfield>
  </datafield>
  <datafield tag="653" ind1="1" ind2=" ">
    <subfield code="9">CERN</subfield>
    <subfield code="a">BNL</subfield>
  </datafield>
  <datafield tag="866" ind1=" " ind2=" ">
    <subfield code="a">1993-</subfield>
    <subfield code="b">C</subfield>
    <subfield code="c">SVR</subfield>
    <subfield code="g">filed</subfield>
    <subfield code="v">no 3 -</subfield>
    <subfield code="x">9</subfield>
  </datafield>
  <datafield tag="933" ind1=" " ind2=" ">
    <subfield code="a">Upton, NY</subfield>
    <subfield code="b">Brookhaven National Laboratory</subfield>
  </datafield>
  <datafield tag="937" ind1=" " ind2=" ">
    <subfield code="a">050419, m, ec: filed, no more link</subfield>
  </datafield>
  <datafield tag="937" ind1=" " ind2=" ">
    <subfield code="a">n, 980202, ec</subfield>
  </datafield>
  <datafield tag="938" ind1=" " ind2=" ">
    <subfield code="a">00</subfield>
    <subfield code="p">f</subfield>
  </datafield>
  <datafield tag="960" ind1=" " ind2=" ">
    <subfield code="a">34</subfield>
  </datafield>
  <datafield tag="961" ind1=" " ind2=" ">
    <subfield code="c">20091016</subfield>
    <subfield code="h">1127</subfield>
    <subfield code="l">CER01</subfield>
    <subfield code="x">19980203</subfield>
  </datafield>
  <datafield tag="963" ind1=" " ind2=" ">
    <subfield code="a">PERI</subfield>
  </datafield>
  <datafield tag="970" ind1=" " ind2=" ">
    <subfield code="a">000268583CER</subfield>
  </datafield>
  <datafield tag="980" ind1=" " ind2=" ">
    <subfield code="a">PERIDUMP</subfield>
  </datafield>
</record>
<record>
  <controlfield tag="001">362894</controlfield>
  <controlfield tag="003">SzGeCERN</controlfield>
  <controlfield tag="005">20210425183059.0</controlfield>
  <datafield tag="022" ind1=" " ind2=" ">
    <subfield code="a">0257-6376</subfield>
    <subfield code="b">online</subfield>
  </datafield>
  <datafield tag="041" ind1=" " ind2=" ">
    <subfield code="a">eng</subfield>
  </datafield>
  <datafield tag="044" ind1=" " ind2=" ">
    <subfield code="a">at</subfield>
  </datafield>
  <datafield tag="080" ind1=" " ind2=" ">
    <subfield code="a">621.039</subfield>
  </datafield>
  <datafield tag="210" ind1=" " ind2=" ">
    <subfield code="a">Nucl. Data Newsl.</subfield>
  </datafield>
  <datafield tag="222" ind1=" " ind2=" ">
    <subfield code="a">Nuclear data newsletter</subfield>
  </datafield>
  <datafield tag="245" ind1=" " ind2=" ">
    <subfield code="a">Nuclear data newsletter</subfield>
  </datafield>
  <datafield tag="310" ind1=" " ind2=" ">
    <subfield code="a">unknown</subfield>
  </datafield>
  <datafield tag="340" ind1=" " ind2=" ">
    <subfield code="a">Online</subfield>
  </datafield>
  <datafield tag="650" ind1="1" ind2="7">
    <subfield code="2">SzGeCERN</subfield>
    <subfield code="a">Nuclear Physics</subfield>
  </datafield>
  <datafield tag="653" ind1="1" ind2=" ">
    <subfield code="9">CERN</subfield>
    <subfield code="a">International Atomic Energy Agency</subfield>
  </datafield>
  <datafield tag="690" ind1="C" ind2=" ">
    <subfield code="a">PERI</subfield>
  </datafield>
  <datafield tag="856" ind1="4" ind2="1">
    <subfield code="3">no 21 (1995) -</subfield>
    <subfield code="g">current</subfield>
    <subfield code="m">Internet</subfield>
    <subfield code="n">other</subfield>
    <subfield code="u">http://www-nds.iaea.org/newslett.html</subfield>
    <subfield code="x">9</subfield>
    <subfield code="y">Electronic version</subfield>
  </datafield>
  <datafield tag="933" ind1=" " ind2=" ">
    <subfield code="a">Vienna</subfield>
    <subfield code="b">IAEA</subfield>
  </datafield>
  <datafield tag="938" ind1=" " ind2=" ">
    <subfield code="a">00</subfield>
    <subfield code="p">c</subfield>
  </datafield>
  <datafield tag="960" ind1=" " ind2=" ">
    <subfield code="a">31</subfield>
  </datafield>
  <datafield tag="961" ind1=" " ind2=" ">
    <subfield code="c">20091016</subfield>
    <subfield code="h">1738</subfield>
    <subfield code="l">CER01</subfield>
    <subfield code="x">19980825</subfield>
  </datafield>
  <datafield tag="963" ind1=" " ind2=" ">
    <subfield code="a">PERI</subfield>
  </datafield>
  <datafield tag="970" ind1=" " ind2=" ">
    <subfield code="a">000287797CER</subfield>
  </datafield>
  <datafield tag="970" ind1=" " ind2=" ">
    <subfield code="d">https://catalogue.library.cern/legacy/362894</subfield>
  </datafield>
  <datafield tag="980" ind1=" " ind2=" ">
    <subfield code="a">PERI</subfield>
  </datafield>
  <datafield tag="980" ind1=" " ind2=" ">
    <subfield code="c">MIGRATED</subfield>
  </datafield>
</record>

</collection>